Bienvenue à la Médiathèque de Saint-Andiol
banniere
Accueil Recherche avancée Mon compte
handi1 Rechercher dans le catalogue

Filtre   Mots-clés
  Recherche avancée
 
Lister les dernières nouveautés
 
Lister les livres GROS CARACTERES
 
Lister les périodiques (magazines)

handi1 Kane

<< Retourner aux résultats de la recherche
Book Cover
Auteur principal : Christophe Bec
Autres auteurs : Ennio Bufi
Titre : Kane
Support : Livres
Langue : Francais
Series : Kane
Genre : Bande dessinée (adultes)
Sujets :
Étiquettes :
Pas de tags
LEADER 01054nam0a2200205 450
001 16868296
010 |a 978-2-7316-4788-4  |b cart.  |d 14,5 € 
100 |a 20191220d2020 u u0frey01 ba 
101 0 |a fre 
102 |a FR 
200 0 |a Kane  |f scénario Christophe Bec  |g dessin Ennio Bufi 
207 1 |a   
215 |a 1 vol. (56 p.)  |c illustrations en couleur  |d 32 x 24 cm 
330 |a Tomaison. Le début d’un diptyque retraçant les origines de Kane, le père de Lou Melville. 1997, Chine. Kane est un hybride homme-triton. Retenu en captivité dans un centre de recherche où les tritons sont secrètement étudiés, il parvient à fuir. Commence alors une course-poursuite haletante pour l'hybride qui tente d’échapper aux hommes de main lancés à ses trousses par le Centenaire des Carpates. 
461 0 |t Kane  |v 01 
700 0 |a Bec  |b Christophe  |4 70 
701 0 |a Bufi  |b Ennio  |4 440 
900 |a Bande dessinée (adultes) 
901 |a Adultes 
995 |a Médiathèque  |c Médiathèque  |f 00156010445849  |h 00156010445849  |k BDA BEC KAN 1  |o p  |q a  |r az  |e Médiathèque